| 000 | 00843nam a2200277Ia 4500 | ||
|---|---|---|---|
| 001 | Para_5072 | ||
| 003 | CHAP | ||
| 008 | 220125s1922 xx 000 0 und d | ||
| 010 | _a203579 | ||
| 040 | _cCHAP | ||
| 090 | _aPA FOLLETO 2417 | ||
| 100 |
_aHouser, J. S _956451 |
||
| 245 |
_aThe airplane in Catalpa sphinx control / _c J. S. Houser |
||
| 260 |
_aWooster, Ohio : _b Ohio Agr. Exp. Sta. |
||
| 300 | _ap. 126-36 | ||
| 440 |
_aOhio Agr. Exp. Sta. The monthly bull.; 7 (7-8) _9169451 |
||
| 500 | _aEncuadernado con: Liming the land in Western Ohio/Thorne, C. E. | ||
| 650 |
_aAviación en agricultura Ceratomia catalpae _9169452 |
||
| 901 | _aPA FOLLETO 2417 | ||
| 902 | _aA | ||
| 905 | _a0000001922 WOO 0000000000 00 | ||
| 910 | _a1922 | ||
| 942 | _cPARA | ||
| 942 |
_cPARA _d1 |
||
| 999 |
_c203579 _d203579 |
||